banner-ar

STRATEGIC MANAGEMENT OF TECHNOLOGY AND INNOVATION / (Record no. 13656)

MARC details
000 -الفاتح
حقل البيانات ثابتة الطول 00627nam a2200217Ia 4500
008 - عناصر البيانات ثابتة الطول - معلومات عامة
حقل البيانات ثابتة الطول 140319s9999 xx 000 0 eng d
040 ## - مصدر الفهرسة
وكالة الفهرسة الأصلية GCL /
وكالة النسخ GCL
082 04 - رقم تصنيف ديوى العشرى
رقم التصنيف 658.514
رقم المادة B S
100 1# - المدخل الرئيسى - إسم شخصى
الإسم الشخصى WHEELWRIGHT, STEVEN C.
245 10 - بيان العنوان
العنوان STRATEGIC MANAGEMENT OF TECHNOLOGY AND INNOVATION /
بيان المسئوليه,etc WHEELWRIGHT, STEVEN C.
700 1# - المدخل الاضافى - اسم شخصى
الإسم الشخصى BURGELMAN, ROBERT A
700 1# - المدخل الاضافى - اسم شخصى
الإسم الشخصى MAIDIQUE, MODESTS A
260 ## - PUBLICATION, DISTRIBUTION, ETC. (IMPRINT)
تاريخ النشر أو التوزيع 1996
300 ## - الوصف المادى
التعداد 923 P
650 04 - المدخل الاضافى بالموضوع-مصطلح موضوعى
مصطلح موضوعي MANAGEMENT
650 04 - المدخل الاضافى بالموضوع-مصطلح موضوعى
مصطلح موضوعي NEW PRODUCTS - MANAGEMENT
650 04 - المدخل الاضافى بالموضوع-مصطلح موضوعى
مصطلح موضوعي TECHNOLOGICAL INNOVATIONS
650 04 - المدخل الاضافى بالموضوع-مصطلح موضوعى
مصطلح موضوعي HIGH TECHNOLOGY INDUSTRIES
942 ## - عناصر المدخل الإضافي( كوها)
مصدر التصنيف او مخطط الترفيف Dewey Decimal Classification
Koha [default] item type كتاب
260 ## - PUBLICATION, DISTRIBUTION, ETC. (IMPRINT)
-- [S.N] :
-- IRWIN ،
Holdings
حالة التراجع حالة الفقد حالة تلف ليس للاعارة المكان المؤقت الموقع الحالى تاريخ الاكتساب اجمالي اﻻعارات رقم الطلب الباركود تاريخ اخر مشاهدة تاريخ تفعيل السعر نوع وعاء كوها
        مكتبة القاهرة الكبرى مكتبة القاهرة الكبرى 03/26/2014   658.514\B S 26015 03/26/2014 03/26/2014 كتاب

Powered By

EGPV